Timber tests.

Bibliographic Details
Corporate Author: United States. Forest Service
Format: Government Document eBook
Language:English
Published: Washington, D.C. : [publisher not identified, 1903]
Subjects:
Online Access:Connect to the full text of this electronic document

MARC

Tag First Indicator Second Indicator Subfields
LEADER 00000cam a22000001a 4500
001 in00003637726
005 20190408171745.0
006 m o d f
007 cr bn mmmapmmp
008 011112s1903 dcu o f000 0 eng d
035 |a ebd1909401522 
040 |a UMI  |c UMI  |d UtOrBLW 
086 0 |a A 13.2:T 48/1 
099 |a A1302-45 
245 0 0 |a Timber tests. 
264 1 |a Washington, D.C. :  |b [publisher not identified,  |c 1903] 
300 |a 1 online resource (15 pages) 
336 |a text  |b txt  |2 rdacontent 
337 |a computer  |b c  |2 rdamedia 
338 |a online resource  |b cr  |2 rdacarrier 
500 |a [On proposed tests, with blank forms for experimental data] 
500 |a Record is based on bibliographic data in ProQuest U.S. Executive Branch Documents, 1789-1909. Reuse except for individual research requires license from ProQuest, LLC. 
533 |a Electronic reproduction.  |b [Bethesda, Md.] :  |c ProQuest,  |d 2012.  |e digital, PDF file.  |n ProQuest U.S. Executive Branch Documents, 1789-1909.  |n Mode of access: World Wide Web via ProQuest website. 
538 |a System requirements: PDF reader software. 
500 |a Electronic resource. 
650 0 |a Timber.  |0 http://id.loc.gov/authorities/subjects/sh85135386 
655 7 |a Electronic books.  |2 local 
710 1 |a United States.  |b Forest Service.  |0 http://id.loc.gov/authorities/names/n79054932 
776 1 8 |i Microfiche version:  |t Timber tests  |o CIS US Exec MF A1302-45  |w (ProQuest)cis19042372 
856 4 0 |u http://proxy.library.tamu.edu/login?url=http://congressional.proquest.com/congressional/docview/t66.d71.a1302-45  |z Connect to the full text of this electronic document  |t 0 
999 f f |s cb945fd8-aeda-330a-8899-1a8c904663bb  |i 6827a74b-6bd1-3ff6-941b-ac27a32a40fa  |t 0 
952 f f |a Texas A&M University  |b College Station  |c Electronic Resources  |d Available Online  |t 0  |h No information provided 
998 f f |t 0  |l Available Online